[Event "Thompson Memorial op U2000"]
[Site "Dallas"]
[Date "2001.09.15"]
[Round "2"]
[White "Riela, Anthony"]
[Black "Fukuchi, Curtis K"]
[Result "1-0"]
[WhiteElo "1837"]
[BlackElo "1867"]
[PlyCount "101"]
[EventDate "2001.09.14"]
[EventType "swiss"]
[EventRounds "5"]
[EventCountry "USA"]
[SourceTitle "EXT 2005"]
[Source "ChessBase"]
[SourceDate "2004.11.15"]
[SourceVersion "1"]
[SourceVersionDate "2004.11.15"]
[SourceQuality "1"]

1. e4 d5 2. exd5 Nf6 3. Nf3 Bg4 4. d3 Qxd5 5. Be2 Nc6 6. Nc3 Qh5 7. Be3 0-0-0 8. Ng5 Bxe2 9. Qxe2 Qg6 10. 0-0 e6 11. Nf3 Nd5 12. a3 Bd6 13. Ne4 Bf4 14. c4 Nxe3 15. fxe3 Bd6 16. Nxd6+ Rxd6 17. d4 Qh5 18. b4 e5 19. b5 e4 20. bxc6 Rxc6 21. d5 exf3 22. Rxf3 Rf6 23. Raf1 Rxf3 24. Qxf3 Qxf3 25. Rxf3 f6 26. Kf2 Re8 27. Ke2 Re4 28. Kd3 Rh4 29. h3 Kd7 30. e4 Kd6 31. Rg3 g6 32. Rf3 Ke5 33. g4 b6 34. Ke3 h5 35. Rg3 hxg4 36. hxg4 Rh2 37. g5 Ra2 38. gxf6 Rxa3+ 39. Kf2 Ra2+ 40. Ke3 Kxf6 41. e5+ Kxe5 42. Rxg6 Ra3+ 43. Kd2 Ra5 44. Kc3 Rc5 45. Re6+ Kf5 46. Kd4 a5 47. Rh6 a4 48. d6 a3 49. d7 a2 50. Rh1 Rc6 51. d8Q 1-0